Aims of user education : special library results (Record no. 62068)

MARC details
000 -CABECERA
campo de control de longitud fija 00551nam a2200205 a 4500
005 - FECHA Y HORA DE LA ÚLTIMA TRANSACCIÓN
campo de control 20210219152843.0
008 - ELEMENTOS DE LONGITUD FIJA--INFORMACIÓN GENERAL
campo de control de longitud fija 991125n 000 0 eng u
035 ## - NÚMERO DE CONTROL DEL SISTEMA
Número de control de sistema UPN01000063317
100 ## - ASIENTO PRINCIPAL--NOMBRE PERSONAL
Nombre de persona Bergman, Emily
222 ## - TÍTULO CLAVE
Título clave SPECIAL LIBRARIES
245 ## - MENCIÓN DE TÍTULO
Título Aims of user education : special library results
300 ## - DESCRIPCIÓN FÍSICA
Extensión 156-162
362 ## - FECHAS DE PUBLICACIÓN Y/O DESIGNACIÓN SECUENCIAL
Fecha de publicación y/o designación secuencial 1992 83, No. 3
505 ## - NOTA DE CONTENIDO CON FORMATO PREESTABLECIDO
Nota de contenido con formato Febrero 1993
653 0# - TERMINO DE INDIZACION - NO CONTROLADO
Término no controlado BIBLIOTECAS ESPECIALIZADAS
653 0# - TERMINO DE INDIZACION - NO CONTROLADO
Término no controlado ENSE\197ANZA EN LA BIBLIOTECA
700 ## - ASIENTO SECUNDARIO--NOMBRE DE PERSONAL
Nombre de persona Maman, Lill
904 ## - ELEMENTOS DE DATOS D LOCAL, LDD (RLIN)
a AC
b 001128
905 ## - TIPO DE MATERIAL
Tipo de material Articulo

No items available.